| 000 | 00410nam 22001333 4500 | ||
|---|---|---|---|
| 001 | 32596 | ||
| 090 | _a32596 | ||
| 100 | _a20260317d u||y0pory50 ba | ||
| 101 | _aeng | ||
| 200 |
_aThe Contribution of Agriculture to the State of Climate _eR.L. Desjardins _gM.V.K. Sivakumar, C. de Kimpe |
||
| 225 |
_aAgricultural and Forest Metereology _hVol. 142/2-4 |
||
| 606 |
_xMetereologia AgrÃcola _923785 |
||
| 801 | _gISBD | ||
| 942 | _n0 | ||